Kraje graniczące z Niemcami - Statystyki

Ogólne statystyki
  • Ten quiz został rozwiązany 43 razy
    38 od ostatniego zresetowania
  • Średni wynik to 8 z 9
Statystyki odpowiedzi
Długość granicy Kraj % Poprawnych
467 km Polska
100%
815 km Austria
97%
810 km Czechy
97%
448 km Francja
97%
156 km Belgia
94%
316 km Szwajcaria
94%
68 km Dania
91%
567 km Holandia
91%
135 km Luksemburg
79%
Nie znaleziono quizów pasujących do podanych kryteriów
Rozkład punktacji
Procent ludzi z każdym wynikiem
Percentyl według liczby udzielonych odpowiedzi
Twoja historia wyników
Nie rozwiązałeś tego quizu od ostatniego zresetowania